Pick 3 Sports Equipment Quiz Stats

 Plays Quiz not verified by Sporcle

Support Sporcle.
Go Orange.
Score 0/21 Timer 02:00
0 Plays Today
% Correct
hook
98.7%
ski poles
97.9%
skis
97.8%
ski goggles
97.1%
cricket bat
97%
line
96.2%
clubs
95.9%
saddle
95.7%
tees
93.2%
reins
91.9%
stirrups
90.2%
% Correct
quaffle
88.7%
float
88%
slider
87.2%
snitch
86.7%
stone
85.2%
bludger
84%
ballmarkers
83.5%
gripper
74.5%
stumps
69.9%
bails
62.8%

You're not logged in!

Compare scores with friends on all Sporcle quizzes.
OR
Log In

From the Vault

ABC 3-Letter Word Blitz

by Blackhawks65

These are some of the shortest words around.
Remove Ads.
Support Sporcle.
Get the best of Sporcle when you Go Orange. This ad-free experience offers more features, more stats, and more fun while also helping to support Sporcle. Thank you for becoming a member.

Show Comments

Extras

Created Feb 17, 2019ReportNominate
Tags:Clickable Quiz

Top Quizzes Today


Score Distribution

Your Account Isn't Verified!

In order to create a playlist on Sporcle, you need to verify the email address you used during registration. Go to your Sporcle Settings to finish the process.

Report this User

Report this user for behavior that violates our Community Guidelines.

Details: